धर्मयान / (Record no. 49240)

MARC details
000 -LEADER
fixed length control field 00909nam a22002297a 4500
005 - DATE AND TIME OF LATEST TRANSACTION
control field 20101216154328.0
008 - FIXED-LENGTH DATA ELEMENTS--GENERAL INFORMATION
fixed length control field 101216t xxu||||| |||| 00| 0 mar d
010 ## - LCCN (DPL NO)
LC control number MAR-20430
020 ## - INTERNATIONAL STANDARD BOOK NUMBER
Terms of availability 75.00
035 ## - SYSTEM CONTROL NUMBER
System control number MR-13088
037 ## - SOURCE OF ACQUISITION
Source of stock number/acquisition DBAD / PUB
040 ## - CATALOGING SOURCE
Original cataloging agency DPL
Language of cataloging MR
082 ## - DEWEY DECIMAL CLASSIFICATION NUMBER
Classification number 891.461
100 ## - MAIN ENTRY--PERSONAL NAME
Personal name नगराळे,देवराव
9 (RLIN) 24904
245 ## - TITLE STATEMENT
Title धर्मयान /
Statement of responsibility, etc देवराव नगराळे
246 ## - VARYING FORM OF TITLE
Title proper/short title Dharmyan
Remainder of title by Devrao Nagrare
260 ## - PUBLICATION, DISTRIBUTION, ETC. (IMPRINT)
Place of publication, distribution, etc चंद्रपुर
Name of publisher, distributor, etc लेणी प्रकाशन
Date of publication, distribution, etc 2010
270 ## - ADDRESS
City चंद्रपुर
Postal code 44242
300 ## - PHYSICAL DESCRIPTION
Extent 95पृ.
Dimensions 21सेमी(अजिल्द)
942 ## - ADDED ENTRY ELEMENTS (KOHA)
Source of classification or shelving scheme Dewey Decimal Classification
Item type Marathi Books
Classification part 891.461
Call number suffix नगरा
Holdings
Withdrawn status Lost status Source of classification or shelving scheme Damaged status Not for loan Collection code Home library Current library Date acquired Source of acquisition Cost, normal purchase price Total Checkouts Full call number Barcode Date last seen Copy number Cost, replacement price Koha item type
    Dewey Decimal Classification   Not For Loan Non-fiction D.B.Act.Division D.B.Act.Division 16/12/2010 DBAD / PUB 75.00   891.461 नगरा MR-13088 16/12/2010 1 75.00 Marathi Books

© Delhi Public Library
Hit Counter
free hit counter